000 00319nam a22001337a 4500
003 SGT
082 _a617.1
_bF93P
100 _aPETERSON, L.
245 _aFOLIA RHEUMATOLOGICA : SPORTS INJURIES
260 _aSWITZERLAND
_bCIBA-GEIGY PUB
_c1993
650 _aORTHOPEDICS
653 _aSPORTS INJURIES
942 _2ddc
_cRARE
999 _c22332
_d22332